000 01007nam a22002297a 4500
001 3684
003 FISKH
005 20250530105453.0
008 240409b cb ||||| |||| 00| 0 eng d
040 _aFISKH
_bkhr
_cFISKH
_dFISKH
050 _aPZ7
082 _a398.209596
100 _aAnonymous
245 _aប្រជុំរឿងព្រេងខ្មែរ ភាគទី ៤​ /
_cក្រុមប្រជុំទំនៀមទំលាប់ខ្មែរ
260 _aភ្នំពេញ :
_bគ្រិះស្ថានបោះពុម្ព និងចែកផ្សាយនៃក្រសួងអប់រំ យុវជន និងកីឡា,
_c2009.
300 _a90 pages :
_c25 cm
520 _aប្រជុំរឿងព្រេងខ្មែរ ភាគ៤ ថ្នាក់ទូទៅ
520 _aCollection of Khmer legends, part 4, general level.
650 _aរឿងនិទាន
650 _aFairy tale
942 _2ddc
_cKHB
_n0
999 _c3684
_d3684